000 00376cam a2200169ua 4500
001 11255
008 120327n2007 II |||gr||||Z||||||eng
040 _aMAIN
041 _aEnglish
082 _a571.6 ver
100 _aVERMA, P.S.
245 _aCYTOLOGY
260 _aNEW DELHI
_bS.CHAND & COMPANY
_c2007
300 _a567:
_c25CM.
700 _aAGARWAL, V.K.
942 _cBK
999 _c11222
_d11222